[Event "Hyderabad U1500 op 3rd"]
[Site "Hyderabad"]
[Date "2018.12.08"]
[Round "3.7"]
[White "Karunya Shesha Sai, Y."]
[Black "Adithya, Krishna Sai Ch"]
[Result "1/2-1/2"]
[WhiteElo "1285"]
[BlackElo "1434"]
[PlyCount "69"]
[EventDate "2018.12.08"]
[EventType "swiss"]
[EventRounds "9"]
[EventCountry "IND"]
[SourceTitle "EXT 2024"]
[Source "ChessBase"]
[SourceDate "2023.10.10"]
[SourceVersion "1"]
[SourceVersionDate "2023.10.10"]
[SourceQuality "1"]

1. d4 e6 2. Bf4 d5 3. e3 c5 4. c3 Qb6 5. Qc1 Nc6 6. Nf3 Nf6 7. Nbd2 Bd7 8. Bd3 Be7 9. h3 Rc8 10. a3 c4 11. Bc2 Na5 12. 0-0 Nh5 13. Bh2 Bd6 14. Bxd6 Qxd6 15. Ne5 Nf6 16. Nxd7 Qxd7 17. e4 dxe4 18. Re1 Rc6 19. Ba4 a6 20. Bxc6 Qxc6 21. Qc2 0-0 22. Nxe4 Nxe4 23. Rxe4 Nb3 24. Rae1 Rd8 25. Qe2 Rd5 26. Re5 h6 27. Rxd5 Qxd5 28. Qe5 Qxe5 29. Rxe5 Kf8 30. Kf1 Ke7 31. f3 f6 32. Re3 Kd6 33. f4 Nc1 34. Re2 Nd3 35. Rc2 1/2-1/2